| 000 | 00892nam a22002537a 4500 | ||
|---|---|---|---|
| 999 |
_c8374 _d8374 |
||
| 003 | AR-CdUCM | ||
| 008 | 190325b ||||| |||| 00| 0 spa d | ||
| 020 | _a84-7290-022-3 | ||
| 040 |
_aMUNICIPALIDAD PROVINCIAL DEL CUSCO _cBIBLIOTECA MUNICIPAL DEL CUSCO |
||
| 041 | _heng | ||
| 082 |
_a301 / _bH22 |
||
| 100 |
_aHardesty, Donald L. _923510 |
||
| 245 | _aAntropología Ecológica / | ||
| 260 |
_aEspaña : _bEdiciones Bellaterra ; _c1977. |
||
| 300 |
_a295 páginas ; _bTablas, fórmulas, ilustraciones _c22cm |
||
| 505 | _aContenido: Sistemas ecológicos -- Ecología de as poblaciones humanas -- Ernoecología -- Paleoecología humana... | ||
| 650 |
_aAdaptación _923511 |
||
| 650 |
_aEvolución _97012 |
||
| 650 |
_aPoblación _93673 |
||
| 650 |
_aNicho ecológico _923512 |
||
| 700 |
_aAiguabella García, Rafael (traducción) _923513 |
||
| 942 |
_2ddc _cLIBROS |
||
| 945 | _anom | ||